书目信息 |
| 题名: |
现代宋体
|
|
| 作者: | 王诚龙 , 童曼之 编写 | |
| 分册: | ||
| 出版信息: | 长沙 湖南美术出版社 1989.11 |
|
| 页数: | 228页 | |
| 开本: | 24开 | |
| 丛书名: | ||
| 单 册: | ||
| 中图分类: | J292.13 | |
| 科图分类: | ||
| 主题词: | 书法--中国 , 篆刻--中国 | |
| 电子资源: | ||
| ISBN: | 7-5356-0328-9 | |
| 000 | 00579nam0 2200205 45 | |
| 001 | 0008181682 | |
| 005 | 20080401154037.20 | |
| 010 | @a7-5356-0328-9@d10.00元 | |
| 100 | @a20000818d1989 km y0chiy0120 ea | |
| 101 | 0 | @achi |
| 200 | 1 | @a现代宋体@AXian Dai Song Ti@f王诚龙,童曼之编写@FWang Cheng Long,Tong Man Zhi Bian Xie |
| 210 | @a长沙@c湖南美术出版社@d1989.11 | |
| 215 | @a228页@d24开 | |
| 606 | 0 | @a书法@x中国 |
| 606 | 0 | @a篆刻@x中国 |
| 690 | @aJ292.13@v3 | |
| 701 | 0 | @a王诚龙@4编写 |
| 701 | 0 | @a童曼之@4编写 |
| 801 | @aCN@c20080401 | |
| 905 | @b111604-606@dJ292.13@eW471@f3 | |
| 现代宋体/王诚龙,童曼之编写.-长沙:湖南美术出版社,1989.11 |
| 228页;24开 |
| ISBN 7-5356-0328-9:10.00元 |
| ● |
| 相关链接 |
|
|
|
正题名:现代宋体
索取号:J292.13/W471
 
预约/预借
| 序号 | 登录号 | 条形码 | 馆藏地/架位号 | 状态 | 备注 |
| 1 | 111604 | 201116041 | 自科二线404/404自科库 5排5列1层/ [索取号:J292.13/W471] | 在馆 | |
| 2 | 111605 | 201116050 | 社科库309/ [索取号:J292.13/W471] | 在馆 | |
| 3 | 111606 | 201116069 | 自科二线404/309社科库 80排2列5层/ [索取号:J292.13/W471] | 在馆 | |
| 4 | 451217 | 204512170 | 自科二线404/309社科库 80排2列5层/ [索取号:J292.13/W471] | 在馆 |